Oración de paz: ante la Asamblea General de las Naciones Unidas 4 de octubre de 1965
Gorde:
| Egile nagusia: | |
|---|---|
| Formatua: | Liburua |
| Hizkuntza: | gaztelania |
| Argitaratua: |
Santiago
Paulinas
1965
|
| Saila: | Colección Magisterium
|
| Gaiak: | |
| Etiketak: |
Etiketa erantsi
Etiketarik gabe, Izan zaitez lehena erregistro honi etiketa jartzen!
|
MARC
| LEADER | 00000nam a2200000 a 4500 | ||
|---|---|---|---|
| 001 | UCY1390 | ||
| 003 | CL-VaPUC | ||
| 008 | 940831e19650000CL |||||||||||||||||spa|d | ||
| 082 | 0 | 4 | |a 261.873 |b PAB |2 21 |
| 100 | |a Pablo VI |q (Paulo VI), |c Papa |e autor |9 476995 | ||
| 245 | 1 | 0 | |a Oración de paz: ante la Asamblea General de las Naciones Unidas 4 de octubre de 1965 |
| 300 | |a 22 p | ||
| 942 | |c BK | ||
| 945 | |d 19940831 00:00:00 |a mfernand | ||
| 260 | |a Santiago |b Paulinas |c 1965 | ||
| 650 | 0 | |a Paz |9 259242 | |
| 650 | 0 | |a Aspectos morales y éticos |9 255877 | |
| 650 | 0 | |a Aspectos religiosos |9 257320 | |
| 583 | |a last modification |c 19940831 00:00:00 |k Rodrigo Vera | ||
| 490 | 0 | |a Colección Magisterium | |
| 999 | |c 230106 |d 230104 | ||
| 952 | |0 0 |1 0 |4 0 |6 261_873000000000000_PAB_1965 |7 0 |8 A |9 232109 |a BIBTEO |b BIBTEO |d 2019-11-15 |i 3014185 |o 261.873 PAB 1965 |p 3014185 |r 2025-01-17 |w 2019-11-15 |y BK |k ICR | ||
| 952 | |0 0 |1 0 |4 0 |6 261_873000000000000_PAB_1965 |7 0 |8 A |9 232111 |a BIBTEO |b BIBTEO |d 2019-11-15 |i 2094479 |o 261.873 PAB 1965 |p 2094479 |r 2025-01-17 |w 2019-11-15 |y BK |k ICR | ||
| 952 | |0 0 |1 0 |4 0 |6 261_873000000000000_PAB_1965 |7 0 |8 A |9 232112 |a BIBTEO |b BIBTEO |d 2019-11-15 |i 2094487 |o 261.873 PAB 1965 |p 2094487 |r 2025-01-17 |w 2019-11-15 |y BK |k ICR | ||